| 000 | 00735nam a2200265Ia 4500 | ||
|---|---|---|---|
| 001 | dia_3365 | ||
| 003 | CHAP | ||
| 005 | 20230331094129.0 | ||
| 008 | 220117s1985 xx 000 0 und d | ||
| 010 | _a173834 | ||
| 020 | _a0-7099-0787-7 | ||
| 040 | _cCHAP | ||
| 082 | _a633.73 C55 | ||
| 100 |
_aClifford, M. N. _923806 |
||
| 245 |
_aCoffee; Botany, Biochemistry and Production of Beans and Beverage / _c by M. N. Clifford and K. C. Willson |
||
| 260 |
_aWestport, USA : _b Conn, _c1985 |
||
| 300 | _a475 P. | ||
| 500 | _aFotocipia | ||
| 503 | _aC/e | ||
| 650 |
_a1.Café _9148906 |
||
| 901 | _a633.73 C55 | ||
| 902 | _aM | ||
| 905 | _a0000001985 -USA 0000000000ENG00 | ||
| 942 |
_cLIBRO _2ddc |
||
| 999 |
_c173834 _d173834 |
||